000 00326nam a2200109 4500
999 _c13550
_d13550
008 190328b ||||| |||| 00| 0 eng d
245 _aVillar SIPAG empowers Pinoy farmers with agri breakthroughs.
260 _aPhilippines
_bThe Philippine Star
_cc2018
300 _apage 6.
650 0 _937832
_aAgriculture.
942 _2ddc
_cPER